LEADER 01142nam--2200397---450- 001 990003048800203316 005 20080116094756.0 010 $a978-0-19-928530-3 035 $a000304880 035 $aUSA01000304880 035 $a(ALEPH)000304880USA01 035 $a000304880 100 $a20080116d2005----km-y0itay50------ba 101 $aeng 102 $aGB 105 $a||||||||001yy 200 1 $aAristotle on Teleology$fMonte Ransome Johnson 210 $aOxford$cClarendon Press$d2005 215 $aXI, 339 p.$d24 cm. 225 2 $aOxford Aristotle studies 410 0$12001$aOxford Aristotle studies 454 1$12001 461 1$1001-------$12001 600 1$aAristotele$xPensiero metafisico 600 1$aAristotele$xTeleologia 676 $a124 700 1$aJOHNSON,$bMonte Ransome$0599879 801 0$aIT$bsalbc$gISBD 912 $a990003048800203316 951 $aII.1.A. 1195$b202913 L.M.$cII.1.A.$d00162718 959 $aBK 969 $aUMA 979 $aRIVELLI$b90$c20080116$lUSA01$h0945 979 $aRIVELLI$b90$c20080116$lUSA01$h0947 996 $aAristotle on Teleology$91021877 997 $aUNISA LEADER 01186nam--2200385---450- 001 990003574090203316 005 20111011130213.0 010 $a978886831-29-3 035 $a000357409 035 $aUSA01000357409 035 $a(ALEPH)000357409USA01 035 $a000357409 100 $a20111011d2002----km-y0itay50------ba 101 $aita 102 $aIT 105 $a||||||||001yy 200 1 $a<> lavoro nelle pubbliche amministrazioni$el'ordinamento del lavoro alle dipendenze delle Pubbliche Amministrazioni$fSereno Scolaro 210 $aViareggio$cSAL$d2002 215 $a301 p.$d24 cm 225 2 $aCollana giuridica 410 0$12001$aCollana giuridica 454 1$12001 461 1$1001-------$12001 606 0 $aImpiego pubblico$xLegislazione$2BNCF 676 $a342.4506802638 700 1$aSCOLARO,$bSereno$0280483 801 0$aIT$bsalbc$gISBD 912 $a990003574090203316 951 $aXXV.2.E. 89$b72535 G.$cXXV.2.E.$d00299925 959 $aBK 969 $aGIU 979 $aFIORELLA$b90$c20111011$lUSA01$h1300 979 $aFIORELLA$b90$c20111011$lUSA01$h1302 996 $aLavoro nelle pubbliche amministrazioni$91115469 997 $aUNISA